[Event "ROM-ch blitz"]
[Site "Bucharest"]
[Date "2022.03.13"]
[Round "1"]
[White "Nevednichy, Vladislav"]
[Black "Ungureanu, Silviu"]
[Result "1-0"]
[WhiteElo "2370"]
[BlackElo "1528"]
[PlyCount "91"]
[EventDate "2022.03.13"]
[EventType "swiss (blitz)"]
[EventRounds "9"]
[EventCountry "ROU"]
[SourceTitle "EXT 2023"]
[Source "ChessBase"]
[SourceDate "2022.10.05"]
[SourceVersion "1"]
[SourceVersionDate "2022.10.05"]
[SourceQuality "1"]

1. e4 e6 2. d4 d5 3. Nc3 Nf6 4. e5 Nfd7 5. f4 c5 6. Nf3 Nc6 7. Be3 cxd4 8. Nxd4 a6 9. Qd2 Bb4 10. a3 Ba5 11. b4 Bb6 12. Rd1 g6 13. Be2 h5 14. 0-0 Ne7 15. Bd3 Nf5 16. Nxf5 gxf5 17. Ne2 Nf8 18. a4 Ng6 19. a5 Bxe3+ 20. Qxe3 Bd7 21. Nd4 Rc8 22. Rfe1 Qc7 23. Bxf5 exf5 24. e6 fxe6 25. Nxe6 Bxe6 26. Qxe6+ Ne7 27. Rxd5 Rf8 28. Rde5 Rf7 29. Qh6 Kd7 30. Qxh5 Rcf8 31. Qe2 Re8 32. c4 Kc8 33. b5 axb5 34. cxb5 Kb8 35. a6 Qb6+ 36. Kh1 Qc7 37. Re6 b6 38. Qf3 Ka7 39. R6e5 Kb8 40. Qe3 Ka7 41. Re6 Nd5 42. Qd2 Rxe6 43. Rxe6 Re7 44. Rxe7 Qxe7 45. h3 Qe4 46. Qc1 1-0